000 00319nam a2200133Ia 4500
100 _aJain G.C
942 _cBK
654 _aSemi - conductor Data Manual
245 _aPractical Semi- conductor Data Manual
260 _bBusiness promotion
_aDelhi
_c1976
082 _a621.3817304
300 _a276
546 _aENGLISH
999 _c35332
_d35332